Návrh opatrení na zdokonalenie systému motivácie zamestnancov v spoločnosti Indorama Ventures Mobility Moravia a.s., organizačná zložka Senica

Salvato in:
Dettagli Bibliografici
Autore principale: Zigmundová, Tamara (Autore)
Altri autori: Čambál, Miloš (Relatore della tesi)
Natura: Manoscritto Libro
Lingua:slovacco
Pubblicazione: 2025
Soggetti:
Accesso online:http://is.stuba.sk/zp/portal_zp.pl?podrobnosti=176925
Tags: Aggiungi Tag
Nessun Tag, puoi essere il primo ad aggiungerne!!

MARC

LEADER 00000ntm a22000003a 4500
001 stuzp104351
003 SK-STU
005 20250628211440.7
007 ta
008 150427s2015----xo-----f-mn---000-0-slo-d
040 |a STU  |b slo 
041 0 |a slo 
100 1 |a Zigmundová, Tamara  |u 064000  |4 aut  |U MTF Materiálovotechnologická fakulta  |T MTF Ústav priemyselného inžinierstva a manažmentu  |X 121977  |U M4000  |Y 84  |7 121977 
242 0 1 |a Proposal for measures to improve the employee motivation system at Indorama Ventures Mobility Moravia  |y eng 
245 1 0 |a Návrh opatrení na zdokonalenie systému motivácie zamestnancov v spoločnosti Indorama Ventures Mobility Moravia a.s., organizačná zložka Senica 
260 |c 2025 
650 4 |a motivácia  |2 slo 
650 4 |a zamestnanci  |2 slo 
650 4 |a spokojnosť  |2 slo 
650 4 |a benefity  |2 slo 
650 4 |a systém odmeňovania  |2 slo 
650 4 |a motivation  |2 eng 
650 4 |a employees  |2 eng 
650 4 |a satisfaction  |2 eng 
650 4 |a benefits  |2 eng 
650 4 |a reward system  |2 eng 
700 1 |a Čambál, Miloš  |u 064000  |k Z1  |4 ths  |U MTF Materiálovotechnologická fakulta  |T MTF Ústav priemyselného inžinierstva a manažmentu  |X 279  |U M4000  |Y 84  |7 A000000279 
856 4 |u http://is.stuba.sk/zp/portal_zp.pl?podrobnosti=176925 
996 |c M* BP-10061  |l MMSKP  |s P  |a 0  |w stuzp104351_0001